000 00533nam a2200181Ia 4500
005 20250508154456.0
008 008 250505s9999 xx 000 0 eng d
037 _aTextual
040 _aFEDL
_beng
_cFEDL
041 _aeng
_2eng
084 _a313.33, BUD
_qFEDL
100 _aBudin Morris
_9128873
245 0 _aStatistical measurements for economics and administration
260 _aBombay, India
_bAsia Publishing House
_c1962
300 _ax,404p.
942 _cTEXL
_h313.33, BUD
999 _c1350476
_d1350476